000 01276nam a22001817a 4500
999 _c4500
_d4500
003 OSt
005 20250225144233.0
008 250225b ||||| |||| 00| 0 eng d
020 _a9780007325238
040 _cKH8
082 _a822.33 BRY
100 _aBryson, Bill,
_eauthor.
245 _aShakespeare :
_bthe illustrated edition /
_cBill Bryson.
260 _aLondon ;
_bHarper Press,
_c2009.
300 _a256 pages :
_bcolor illustrations ;
_c23 cm +
_eCD- ROM.
520 _aBill Bryson’s bestselling biography of William Shakespeare takes the reader on an enthralling tour through Elizabethan England and the eccentricities of Shakespearean scholarship—updated with a new introduction by the author to commemorate the 400th anniversary of Shakespeare’s death William Shakespeare, the most celebrated poet in the English language, left behind nearly a million words of text, but his biography has long been a thicket of wild supposition arranged around scant facts. With a steady hand and his trademark wit, Bill Bryson sorts through this colorful muddle to reveal the man himself. His Shakespeare is like no one else's—the beneficiary of Bryson's genial nature, his engaging skepticism, and a gift for storytelling unrivaled in our time.
942 _2ddc
_cNFIC